000
00264nam a22001097a 4500
008
170110b xxu||||| |||| 00| 0 eng d
020
_a
0471497924
041
_a
eng
080
_a
618.2
245
_a
THE CASE FOR CONSULATION IN NURSING
_c
KOHNKE, M.F
942
_2
udc
_c
BK
999
_c
2654
_d
2654